000 01152nam a22003257a 4500
003 CHAP
005 20220329140106.0
008 971013s1984 r 00010 d
010 _a46871
011 _a47843
035 _a51986
040 _cCHAP
090 _aTesis
100 0 0 _aSalazar Marroquín, Jesús.
_9101398
245 _aEfectos del aceite esencial de la barreta Helietta parvifolia Gray (Benth), sobre la mosca mexicana de la fruta Anastrepha ludens (Loew)
260 _a(Monterrey, N.L.) :
_bEl autor,
_c1984
300 _a68 h.
_b; gráfs.
502 _aTesis (Ing. Agr. Esp. en Parasitología) --ITESM. Div. de Ciencias Agropecuarias y marítimas
590 _aALEPH
_b10
_c20130110
_lUCH01
_h1316
590 _aBATCH-UPD
_b10
_c20130110
_lUCH01
_h1554
590 _aBATCH-UPD
_b10
_c20130410
_lUCH01
_h0952
590 _aBATCH-UPD
_b10
_c20130914
_lUCH01
_h0328
590 _aCONVERSION
_b10
_c20130109
_lUCH01
_h1326
650 1 4 _aAnastrepha ludens.
_95487
650 1 4 _aHelietta parvifolia.
_953431
650 1 4 _aPlantas insecticidas.
_989010
901 _aBK
942 _cTESIS
949 _bBC
_cTES
_d-116074
_eTS1
_h17840
_i51986
_si
999 _c46871
_d46871